Atlas of wintering North American birds : an analysis of Christmas bird count data
Αποθηκεύτηκε σε:
| Κύριος συγγραφέας: | |
|---|---|
| Μορφή: | Βιβλίο |
| Γλώσσα: | English |
| Δημοσίευση: |
Chicago :
Chicago University Press,
c1988.
|
| Θέματα: | |
| Ετικέτες: |
Προσθήκη ετικέτας
Δεν υπάρχουν, Καταχωρήστε ετικέτα πρώτοι!
|
MARC
| LEADER | 00000cam a2200000 i 4500 | ||
|---|---|---|---|
| 001 | 1/401 | ||
| 008 | 000403s1988 ilu| ||| |||| ||eng|| | ||
| 020 | |a 0226725405 | ||
| 035 | |l 10059645 | ||
| 040 | |a GR-MyUa |b gre |e AACR2 | ||
| 041 | 0 | |a eng | |
| 082 | 7 | |a 598.097 |2 (22) | |
| 100 | 1 | |a Root, Terry Louise. | |
| 245 | 1 | 0 | |a Atlas of wintering North American birds : |b an analysis of Christmas bird count data / |c Terry Root ; with a foreword by Chandler S. Robbins. |
| 260 | |a Chicago : |b Chicago University Press, |c c1988. | ||
| 300 | |a 312 σ. : |b εικ. ; |c 29 εκ. + |e χάρτες | ||
| 504 | |a Βιβλιογραφία: σ. 297-304. Ευρετήριο. | ||
| 650 | 0 | 0 | |a Bird populations |z North America. |
| 650 | 0 | 0 | |a Birds |x Wintering |z North America. |
| 852 | |a INST |b LESVOS |e 20000403 |h 598.097 ROO |p 005100023178 |q 005100023178 |t BK |y 0 | ||
| 852 | |a INST |b LESVOS |e 20000417 |h 598.097 ROO |p 005100023177 |q 005100023177 |t BK |y 0 | ||
| 901 | |a BIBL1-2000-1 | ||
| 922 | |a 1ΕΛΗ |b 200002 |c ΚΠΣ/ΤΠ |d GLORY | ||
| 950 | |a 107-1999-12-23 | ||
| 970 | |a ΤΖΑΦΕΡΗ |b ΕΥΑΓΓΕΛΙΑ |z 2000/04/17 | ||